000 00503nam a22001937a 4500
003 CEME
005 20210628210232.0
008 210215b xxu||||| |||| 00| 0 eng d
020 _a81-7554-096-6
040 _c.
082 _a658 HAL
100 _aWhitlam, Peter Hale, Richard
_978654
245 _aTarget setting and goal achivement a practical guide for managers
250 _a2ND
260 _aINDIA
_bKOGAN PAGE
_c1999
300 _a162P
650 _aMANAGEMENT
_910891
942 _cBK
_2ddc
999 _c583766
_d583766